000
00264nam a2200109Ia 4500
008
201217s9999 xx 000 0 und d
100
_a
Branch, Allen B.
245
0
_a
Economics of Shipping Practice
260
_a
London
_b
Chapman & Hall
300
_a
271
942
_c
BK
999
_c
6915
_d
6915